[Event "Tournoi francophone 021"]
[Site "Skype"]
[Date "????.??.??"]
[Round "1.31"]
[White "Vincent, Andre"]
[Black "Gagnon, Sindy"]
[Result "1-0"]
[WhiteElo "1533"]
[BlackElo "1324"]
[PlyCount "39"]

1. Nf3 Nc6 2. d4 Nf6 3. g3 d6 4. Bg2 e5 5. dxe5 Ne4 6. c3 Be7 7. exd6 Bxd6 8.
O-O O-O 9. Nbd2 Bd7 10. Nxe4 Qe7 11. Nxd6 cxd6 12. Bf4 Rae8 13. e3 f6 14. Bxd6
Qd8 15. Bxf8 Rxf8 16. Qd5+ Kh8 17. Rfd1 Ne7 18. Qxd7 Nc6 19. Qxb7 Qa5 20. Qxc6
1-0

[Event "Tournoi francophone 021"]
[Site "Skype"]
[Date "????.??.??"]
[Round "1.32"]
[White "Cassano, Mariangela"]
[Black "Blanchard, Colette"]
[Result "0-1"]
[WhiteElo "1306"]
[BlackElo "1527"]
[PlyCount "62"]

1. d4 d5 2. Nf3 Nf6 3. Bf4 Bf5 4. e3 c6 5. b3 e6 6. Be2 Nbd7 7. O-O Be7 8. Nbd2
O-O 9. h3 Ne4 10. Bd3 Nxd2 11. Qxd2 Bxd3 12. cxd3 Nf6 13. e4 dxe4 14. dxe4 Nxe4
15. Qc2 Nf6 16. Be5 Rc8 17. Rfe1 h6 18. g4 Bb4 19. Re2 c5 20. dxc5 Rxc5 21. Qe4
Nxe4 22. Rxe4 Bc3 23. Rc1 Qc8 24. Re3 Bxe5 25. Nxe5 Rxc1+ 26. Kg2 Rd8 27. Nd3
Rd1 28. Ne1 Qc6+ 29. Nf3 R8d3 30. Re2 Qxf3+ 31. Kh2 Qxe2 0-1

[Event "Tournoi francophone 021"]
[Site "Skype"]
[Date "????.??.??"]
[Round "2.1"]
[White "Codina, Teresa"]
[Black "Deville, Olivier"]
[Result "0-1"]
[WhiteElo "1548"]
[BlackElo "1863"]
[PlyCount "62"]

1. d4 g6 2. Nf3 Bg7 3. e3 Nf6 4. Bd3 c5 5. c3 b6 6. O-O Bb7 7. Nbd2 O-O 8. b3
Nc6 9. Bb2 Rc8 10. Rc1 d6 11. Re1 a6 12. a4 Re8 13. e4 cxd4 14. cxd4 Nb4 15.
Rxc8 Qxc8 16. Qb1 Nxd3 17. Qxd3 Qd7 18. h3 Nh5 19. Qb1 b5 20. axb5 axb5 21. Qa1
Nf4 22. Re3 Bh6 23. Kh2 Bc8 24. d5 Nxh3 25. Rd3 Nxf2 26. Rc3 Bg7 27. Rc2 Bxb2
28. Qxb2 Ng4+ 29. Kg3 Ne3 30. Rc6 Qg4+ 31. Kf2 Nd1+ 0-1

[Event "Tournoi francophone 021"]
[Site "Skype"]
[Date "????.??.??"]
[Round "2.2"]
[White "Bourdeau, Yvan"]
[Black "Bucherie, Volcy"]
[Result "1-0"]
[WhiteElo "1740"]
[BlackElo "1538"]
[PlyCount "103"]

1. Nf3 Nf6 2. g3 b6 3. Bg2 Bb7 4. O-O d5 5. d4 e6 6. Nbd2 c5 7. c3 Nc6 8. e3
Bd6 9. Nb3 O-O 10. Re1 Rc8 11. Nbd2 h6 12. e4 cxd4 13. e5 Nxe5 14. Nxe5 Bxe5
15. Rxe5 dxc3 16. bxc3 Rxc3 17. Bb2 Qc7 18. Bxc3 Qxc3 19. Re3 Qd4 20. Nf3 Qb2
21. Qc1 Qxc1+ 22. Rxc1 Rc8 23. Rxc8+ Bxc8 24. Rc3 Ba6 25. Bf1 Ne4 26. Ra3 Bxf1
27. Kxf1 a5 28. Rb3 b5 29. Rxb5 a4 30. a3 Kf8 31. Ke1 Ke7 32. Nd2 Nc3 33. Rb4
Kf6 34. Nb1 d4 35. Nxc3 dxc3 36. Rc4 Ke5 37. Rxa4 c2 38. Kd2 c1=Q+ 39. Kxc1 f5
40. f4+ Kd5 41. Kd2 g5 42. Rb4 g4 43. Rb8 e5 44. fxe5 Kxe5 45. Ke3 h5 46. Rh8
f4+ 47. gxf4+ Kf5 48. Rxh5+ Kg6 49. Rg5+ Kh6 50. Rxg4 Kh5 51. Kf3 Kh6 52. a4
1-0

[Event "Tournoi francophone 021"]
[Site "Skype"]
[Date "????.??.??"]
[Round "2.3"]
[White "Cengiz, Ali Ekber"]
[Black "Rodier, Marc"]
[Result "1-0"]
[WhiteElo "1544"]
[BlackElo "1686"]
[PlyCount "85"]

1. e4 c5 2. Bc4 Nf6 3. e5 d5 4. Bb5+ Bd7 5. Be2 Ng8 6. Nf3 e6 7. d4 Nc6 8. c3
cxd4 9. cxd4 Nge7 10. O-O Nf5 11. a3 Qb6 12. Nc3 Nfxd4 13. Nxd4 Qxd4 14. Nb5
Qxe5 15. Re1 Rc8 16. Bf3 Qb8 17. Qxd5 Be7 18. Qe4 e5 19. Rd1 a6 20. Nc3 f6 21.
Bh5+ Kd8 22. Bg4 Rc7 23. Nd5 Qc8 24. Nxc7 Nd4 25. Bxd7 Qxd7 26. Nd5 Bd6 27. Be3
f5 28. Qd3 Bc5 29. Bg5+ Ke8 30. Nb6 Bxb6 31. Be3 Rf8 32. Bxd4 Bxd4 33. Rac1 Rf6
34. Qc4 Re6 35. b4 b5 36. Qc8+ Qxc8 37. Rxc8+ Kf7 38. Rc7+ Kf6 39. Rd2 g5 40.
Rxh7 Rc6 41. g3 Kg6 42. Rh8 Kg7 43. Ra8 1-0

[Event "Tournoi francophone 021"]
[Site "Skype"]
[Date "????.??.??"]
[Round "2.4"]
[White "Castellanos Gonzalez, Mariano"]
[Black "Le Bouill, Pierre"]
[Result "1-0"]
[WhiteElo "1670"]
[BlackElo "1534"]
[PlyCount "45"]

1. d4 h6 2. Nf3 d5 3. e3 Nf6 4. Bd3 e6 5. Nbd2 Be7 6. O-O O-O 7. Re1 Nbd7 8. e4
dxe4 9. Nxe4 Nxe4 10. Bxe4 Nf6 11. Bd3 b6 12. b3 Bb7 13. Bb2 Re8 14. Ne5 Qd5
15. f3 Qd8 16. Bb5 Rf8 17. c4 a6 18. Bc6 Bxc6 19. Nxc6 Qd7 20. Nxe7+ Qxe7 21.
d5 Rfd8 22. Qe2 exd5 23. Qxe7 1-0

[Event "Tournoi francophone 021"]
[Site "Skype"]
[Date "????.??.??"]
[Round "2.5"]
[White "Gharbi, Said"]
[Black "Nicolini, Francesco"]
[Result "0-1"]
[WhiteElo "1544"]
[BlackElo "1666"]
[PlyCount "32"]

1. e4 Nf6 2. Nc3 e5 3. Nf3 d6 4. Bc4 h6 5. O-O Bg4 6. h3 Bh5 7. d3 Nc6 8. Qe2
Nd4 9. Qd1 Qd7 10. Ne2 Nxf3+ 11. gxf3 Qxh3 12. Ng3 g5 13. Nxh5 Nxh5 14. d4 Nf4
15. Bxf4 gxf4 16. Re1 Rg8# 0-1

[Event "Tournoi francophone 021"]
[Site "Skype"]
[Date "????.??.??"]
[Round "2.6"]
[White "Sahrane, Juba"]
[Black "Vincent, Andre"]
[Result "1/2-1/2"]
[WhiteElo "1663"]
[BlackElo "1533"]
[PlyCount "31"]

1. e4 c5 2. d4 cxd4 3. Nf3 Nc6 4. Nxd4 e5 5. Nxc6 bxc6 6. Nc3 Nf6 7. Bc4 d5 8.
exd5 Nxd5 9. Nxd5 cxd5 10. Bxd5 Bb4+ 11. c3 O-O 12. Bxa8 Qxd1+ 13. Kxd1 Rd8+
14. Bd2 Bc5 15. Ke2 Ba6+ 16. Kd1 1/2-1/2

[Event "Tournoi francophone 021"]
[Site "Skype"]
[Date "????.??.??"]
[Round "2.7"]
[White "Pouteau, Pascal"]
[Black "Jimenez Del Rosario, Alsis Raynely"]
[Result "1-0"]
[WhiteElo "1616"]
[BlackElo "1515"]
[PlyCount "59"]

1. Nf3 b6 2. e4 Bb7 3. Nc3 d5 4. Nxd5 Bxd5 5. exd5 Qxd5 6. g3 e5 7. Bg2 e4 8.
Qe2 Nf6 9. O-O Be7 10. c4 Qe6 11. Ng5 Qe5 12. d3 h6 13. Nxe4 Nxe4 14. Bxe4 O-O
15. Bf4 Qe6 16. Qf3 c6 17. Rfe1 Qf6 18. Rad1 Bc5 19. Re2 g5 20. Qg4 Kh8 21. Bd2
Qe6 22. Bc3+ Kg8 23. Bh7+ Kxh7 24. Rxe6 fxe6 25. d4 Be7 26. Qxe6 Bd8 27. Qd6
Kg8 28. Qxh6 Nd7 29. d5 c5 30. Qg7# 1-0

[Event "Tournoi francophone 021"]
[Site "Skype"]
[Date "????.??.??"]
[Round "2.8"]
[White "Radice, Marco"]
[Black "Khabou, Taha"]
[Result "0-1"]
[WhiteElo "1534"]
[BlackElo "1615"]
[PlyCount "98"]

1. d4 e6 2. Nf3 d5 3. Bf4 c5 4. c3 Nc6 5. e3 Nf6 6. Bb5 Bd7 7. Ne5 Nxe5 8.
Bxd7+ Nexd7 9. Nd2 Nb6 10. O-O Bd6 11. Re1 Bxf4 12. exf4 O-O 13. Nf3 Na4 14.
Qxa4 Qd6 15. g3 Ne4 16. Ne5 cxd4 17. Qxd4 Rfc8 18. Rxe4 Qe7 19. Re3 a6 20. Rf3
f6 21. Ng4 h5 22. Ne3 Rc6 23. Re1 Qd6 24. f5 Qd7 25. Qh4 Qf7 26. Nxd5 exd5 27.
g4 Rc4 28. Rh3 Rxg4+ 29. Qxg4 hxg4 30. Rg3 Re8 31. Rd1 Re2 32. Rxg4 Rxb2 33. a4
Rc2 34. Kh1 Rxc3 35. a5 Rc4 36. Rg3 d4 37. h4 Qc7 38. Kh2 Rc3 39. Rxd4 Rxg3 40.
fxg3 Qxa5 41. Rd7 b5 42. h5 b4 43. Rb7 Qa2+ 44. Kh3 b3 45. g4 b2 46. Rb8+ Kh7
47. g5 fxg5 48. Rb7 b1=Q 49. h6 Qxb7 0-1

[Event "Tournoi francophone 021"]
[Site "Skype"]
[Date "????.??.??"]
[Round "2.9"]
[White "De Fazio, Monica"]
[Black "Rivalta, Paolo"]
[Result "0-1"]
[WhiteElo "1603"]
[BlackElo "1499"]
[PlyCount "50"]

1. Nf3 d5 2. d4 Nf6 3. c4 c6 4. g3 Bg4 5. Bg2 e6 6. O-O dxc4 7. Ne5 Bd6 8. Nxc4
O-O 9. Nxd6 Qxd6 10. Bf4 Qb4 11. b3 Nbd7 12. Qd3 Rad8 13. Bd2 Qb6 14. Nc3 Nc5
15. dxc5 Rxd3 16. cxb6 Rxd2 17. Rad1 Rxd1 18. Rxd1 axb6 19. Rd4 b5 20. e4 e5
21. Rd3 b6 22. f4 Be6 23. fxe5 Nd7 24. b4 Nxe5 25. a4 Nxd3 0-1

[Event "Tournoi francophone 021"]
[Site "Skype"]
[Date "????.??.??"]
[Round "2.10"]
[White "Blanchard, Colette"]
[Black "Le Brun, Yves"]
[Result "1-0"]
[WhiteElo "1527"]
[BlackElo "1601"]
[PlyCount "113"]

1. d4 Nf6 2. Nf3 d5 3. e3 Bg4 4. Be2 e6 5. O-O Nbd7 6. c4 c6 7. Nc3 Be7 8. h3
Bh5 9. b3 O-O 10. Bb2 Bg6 11. cxd5 exd5 12. Nh4 Ne4 13. Nxg6 Nxc3 14. Nxe7+
Qxe7 15. Bxc3 Nf6 16. Bf3 Rfe8 17. Re1 b5 18. Qd2 Nd7 19. Bb4 Qd8 20. e4 Nb6
21. Bc5 dxe4 22. Bxe4 Re6 23. Qa5 g6 24. Qc3 Qh4 25. Bf3 Nd5 26. Bxd5 cxd5 27.
Rxe6 fxe6 28. Re1 Kf7 29. Qb4 Qd8 30. Qxb5 a6 31. Qb6 Qc8 32. Qd6 a5 33. Qf4+
Kg8 34. h4 Ra6 35. Re5 Rc6 36. Rg5 Qe8 37. h5 Kg7 38. hxg6 hxg6 39. Qg4 Qf7 40.
f3 Rc8 41. Rh5 Rh8 42. Rxh8 Kxh8 43. Bd6 Qe8 44. Be5+ Kg8 45. Qf4 Qf7 46. Qxf7+
Kxf7 47. Kf2 g5 48. Kg3 Kg6 49. Kg4 Kh6 50. g3 Kg6 51. f4 gxf4 52. gxf4 Kf7 53.
Kf3 Kg6 54. Ke3 Kf5 55. Kd3 Kg4 56. a3 Kf5 57. b4 1-0

[Event "Tournoi francophone 021"]
[Site "Skype"]
[Date "????.??.??"]
[Round "2.11"]
[White "Ruiz Aguilera, Juan Jesus"]
[Black "Briere, Jean"]
[Result "1-0"]
[WhiteElo "1500"]
[BlackElo "1581"]
[PlyCount "57"]

1. e4 e5 2. Nf3 Nc6 3. d3 Bc5 4. c3 d6 5. d4 exd4 6. cxd4 Bb6 7. Nc3 Nf6 8. Be3
O-O 9. Bc4 h6 10. O-O Re8 11. d5 Ne5 12. Nxe5 Rxe5 13. Bxb6 axb6 14. Qd4 c5 15.
dxc6 bxc6 16. f4 c5 17. Qd3 Re8 18. Bb5 Re6 19. Bc6 Ba6 20. Bb5 Bb7 21. Rfe1
Qc7 22. Bc4 Re7 23. Nb5 Qd7 24. Nxd6 Rd8 25. Nxf7 Rxf7 26. Qxd7 Rdxd7 27. Rad1
Kf8 28. Bxf7 Rxf7 29. e5 1-0

[Event "Tournoi francophone 021"]
[Site "Skype"]
[Date "????.??.??"]
[Round "2.12"]
[White "Hargez, Dany"]
[Black "Lecluyse, Koenraad"]
[Result "0-1"]
[WhiteElo "1578"]
[BlackElo "1458"]
[PlyCount "50"]

1. e4 e6 2. d4 d5 3. c4 Nf6 4. e5 Ng8 5. Nf3 c5 6. Bd3 Nc6 7. O-O cxd4 8. Be2
dxc4 9. Bxc4 Bc5 10. Bb5 Nge7 11. Bg5 O-O 12. h4 Qb6 13. Qd3 Nf5 14. g4 h6 15.
gxf5 hxg5 16. hxg5 Nb4 17. Qd2 Qxb5 18. Na3 Qc6 19. Nc4 Qxf3 20. f6 g6 21. a3
Nd3 22. b4 Bb6 23. Rab1 Bd7 24. Rb3 Bc6 25. Rxd3 Qh1# 0-1

[Event "Tournoi francophone 021"]
[Site "Skype"]
[Date "????.??.??"]
[Round "2.13"]
[White "Briquet, Gerard"]
[Black "Duthoit, Bernard"]
[Result "1-0"]
[WhiteElo "1400"]
[BlackElo "1566"]
[PlyCount "69"]

1. e4 e6 2. d4 d5 3. Nc3 Bb4 4. e5 c5 5. a3 Ba5 6. Qg4 g6 7. Be3 cxd4 8. Bxd4
Nh6 9. Qd1 Nf5 10. Nf3 Nc6 11. b4 Nfxd4 12. Nxd4 Nxd4 13. Qxd4 Bb6 14. Qd2 h6
15. Nb5 a6 16. Nd6+ Kf8 17. Bd3 Bd4 18. Qf4 Bxf2+ 19. Qxf2 Qe7 20. Bxg6 Kg7 21.
Bxf7 Rf8 22. O-O Bd7 23. Qf6+ Qxf6 24. Rxf6 Be8 25. Bxe8 Rxf6 26. exf6+ Kxf6
27. Bh5 Kg5 28. Bf3 Rd8 29. Nxb7 Re8 30. Nc5 a5 31. Re1 e5 32. Bxd5 axb4 33.
axb4 Kf5 34. Ne4 Rd8 35. c4 1-0

[Event "Tournoi francophone 021"]
[Site "Skype"]
[Date "????.??.??"]
[Round "2.14"]
[White "Viatge, Fabrice"]
[Black "Trivedi, Viral"]
[Result "0-1"]
[WhiteElo "1400"]
[BlackElo "1551"]
[PlyCount "32"]

1. d4 e6 2. c4 f5 3. Nf3 Nf6 4. Nc3 d5 5. e3 c6 6. Bd3 Bd6 7. O-O O-O 8. b3
Nbd7 9. c5 Bc7 10. b4 Ne4 11. Bb2 Ndf6 12. Ne5 Bd7 13. a4 a5 14. b5 Nxc5 15.
dxc5 Bxe5 16. Qc2 Bxh2+ 0-1

[Event "Tournoi francophone 021"]
[Site "Skype"]
[Date "????.??.??"]
[Round "2.15"]
[White "Scata, Laura"]
[Black "Lambert, Pierre"]
[Result "1/2-1/2"]
[WhiteElo "1583"]
[BlackElo "1791"]
[PlyCount "134"]

1. d4 d5 2. Nf3 Nf6 3. e3 e6 4. Bd3 c5 5. b3 Nc6 6. a3 cxd4 7. exd4 Bd6 8. Bb2
O-O 9. O-O Bd7 10. Nbd2 Rc8 11. Ne5 Nxe5 12. dxe5 Bb8 13. exf6 Qc7 14. f4 g6
15. Qg4 e5 16. Qg5 Rfe8 17. Qh6 Qc5+ 18. Rf2 Qf8 19. Qxf8+ Kxf8 20. fxe5 Bxe5
21. Bxe5 Rxe5 22. Nf3 Ree8 23. Ng5 Kg8 24. Kf1 a6 25. Re1 h6 26. Rxe8+ Rxe8 27.
Nf3 Bg4 28. Nd4 Kf8 29. h3 Bd7 30. Re2 Be6 31. c4 dxc4 32. Bxc4 Bd7 33. Bd5 b6
34. Bc6 Bxc6 35. Nxc6 Rc8 36. Rc2 Ke8 37. b4 Kf8 38. Kf2 b5 39. Nd4 Rd8 40. Ke3
Kg8 41. Rc6 Ra8 42. Kd2 g5 43. Rxa6 Rxa6 44. Nxb5 Rxf6 45. a4 Rc6 46. a5 Kf8
47. Kd3 Ke7 48. Nd4 Rc8 49. b5 Kd7 50. Nc6 Kd6 51. Kd4 f5 52. a6 h5 53. a7 Kc7
54. Nb8 Kb7 55. b6 Re8 56. Kc5 g4 57. Nc6 gxh3 58. gxh3 f4 59. Na5+ Ka8 60. Kc6
Re6+ 61. Kc7 Re7+ 62. Kc8 Re8+ 63. Kc7 Re7+ 64. Kc8 f3 65. b7+ Rxb7 66. Nxb7
Kxa7 67. Nc5 f2 1/2-1/2

[Event "Tournoi francophone 021"]
[Site "Skype"]
[Date "????.??.??"]
[Round "2.16"]
[White "Ortis, Yves"]
[Black "Graham, Neil"]
[Result "0-1"]
[WhiteElo "1452"]
[BlackElo "1622"]
[PlyCount "134"]

1. e4 e6 2. Nf3 d5 3. e5 d4 4. d3 Nc6 5. Bd2 Bb4 6. c3 dxc3 7. bxc3 Ba5 8. d4
h6 9. Bd3 Nge7 10. Na3 Nd5 11. Nc4 Bxc3 12. Bxc3 Nxc3 13. Qb3 Nd5 14. O-O O-O
15. Rfe1 b6 16. Rab1 Bb7 17. Qc2 Ndb4 18. Bh7+ Kh8 19. Qe4 Na5 20. Qe2 Bxf3 21.
gxf3 Nac6 22. Be4 Qg5+ 23. Kh1 Rad8 24. Rg1 Qh5 25. Bxc6 Nxc6 26. Qe4 Nxd4 27.
Nd2 Rd5 28. Qd3 Qxe5 29. Qe4 Qxe4 30. fxe4 Rd7 31. Rg2 Rfd8 32. f3 Nc2 33. Nf1
Na3 34. Rc1 Rd1 35. Rxd1 Rxd1 36. Kg1 c5 37. Kf2 Kg8 38. Ke2 Rd7 39. Ne3 Kf8
40. Rg1 Ke8 41. Rc1 Kd8 42. f4 Kc7 43. f5 Kc6 44. fxe6 fxe6 45. Ng4 Rd4 46. Ke3
Nc4+ 47. Kf4 g5+ 48. Kg3 Rxe4 49. Nf2 Rd4 50. Re1 e5 51. Ng4 e4 52. Nxh6 e3 53.
Nf5 Rd3 54. Ne7+ Kd7 55. Nf5 Ke6 56. Kg4 Ne5+ 57. Kxg5 Nf3+ 58. Kf4 Nxe1 59.
Nxe3 Rxe3 60. Kxe3 Ng2+ 61. Kd2 Kd5 62. Ke2 Kd4 63. Kf2 Nh4 64. Kg3 c4 65. Kxh4
c3 66. Kg3 c2 67. h4 c1=Q 0-1

[Event "Tournoi francophone 021"]
[Site "Skype"]
[Date "????.??.??"]
[Round "2.17"]
[White "L'Herbon De Lussats, Jean"]
[Black "Busto, Ricardo"]
[Result "1/2-1/2"]
[WhiteElo "1493"]
[BlackElo "1585"]
[PlyCount "76"]

1. d4 d5 2. Nf3 e6 3. g3 Nf6 4. Bg2 Be7 5. O-O O-O 6. Nbd2 c5 7. c4 Nc6 8. e3
h6 9. cxd5 Nxd5 10. Nc4 b6 11. Re1 cxd4 12. exd4 Bb4 13. Bd2 Bb7 14. Nce5 Bxd2
15. Qxd2 Nce7 16. Rac1 Rb8 17. a4 Qd6 18. Nc4 Qd7 19. b3 Ba8 20. Nfe5 Qc7 21.
Na5 Qd8 22. Nac6 Nxc6 23. Rxc6 f6 24. Ng6 Bxc6 25. Nxf8 Kxf8 26. Rxe6 Be8 27.
Qb2 Nb4 28. Qd2 a5 29. d5 Bf7 30. Re4 f5 31. Rd4 Qd7 32. d6 Rc8 33. h4 Rd8 34.
Bh3 Qe6 35. d7 Qxb3 36. Bxf5 Qxa4 37. Re4 Qa1+ 38. Kh2 Qf6 1/2-1/2

[Event "Tournoi francophone 021"]
[Site "Skype"]
[Date "????.??.??"]
[Round "2.18"]
[White "Vello, Pablo"]
[Black "Montilla Bejarano, Mey"]
[Result "1-0"]
[WhiteElo "1514"]
[BlackElo "1450"]
[PlyCount "61"]

1. d4 Nf6 2. Nc3 d5 3. Bf4 a6 4. e3 b5 5. Bd3 Bb7 6. g4 h6 7. Qf3 e6 8. Qg3 g5
9. Bxc7 Qc8 10. Be5 Nbd7 11. Bxf6 Nxf6 12. h4 h5 13. gxh5 Nxh5 14. Qxg5 Bb4 15.
Nge2 Be7 16. Qg4 b4 17. Na4 Qc6 18. b3 O-O-O 19. Qf3 Nf6 20. Ng3 Qd6 21. Nc5
Qc7 22. Na4 e5 23. Qf5+ Kb8 24. Qxe5 Rd6 25. Nf5 Rh5 26. Qxe7 Qxe7 27. Nxe7 Rd8
28. Nc5 Re8 29. Nf5 Reh8 30. O-O-O Re8 31. Nxb7 1-0

[Event "Tournoi francophone 021"]
[Site "Skype"]
[Date "????.??.??"]
[Round "2.19"]
[White "Jacquelin, Norbert"]
[Black "Esformes, Jacques"]
[Result "1-0"]
[WhiteElo "1827"]
[BlackElo "1475"]
[PlyCount "75"]

1. c4 Nf6 2. Nf3 g6 3. g3 Bg7 4. Nc3 a6 5. Bg2 d6 6. d4 e6 7. O-O Nbd7 8. e4 b5
9. e5 Ng8 10. Nd2 Rb8 11. exd6 b4 12. Nce4 Bf8 13. c5 cxd6 14. Nxd6+ Bxd6 15.
cxd6 Qb6 16. Nc4 Qb5 17. b3 Bb7 18. Re1 Qf5 19. Bxb7 Rxb7 20. Bf4 Qh5 21. Qd3
g5 22. Qe4 Rb5 23. Qc6 Rb8 24. Be5 f6 25. Bxf6 Ngxf6 26. Rxe6+ Kf8 27. Rae1 Qg4
28. Re7 h6 29. Ne5 Nxe5 30. dxe5 Nh5 31. e6 Kg8 32. d7 Rd8 33. Re8+ Kh7 34.
Rxh8+ Kxh8 35. e7 Nf6 36. exd8=Q+ Ng8 37. Qdf6+ Nxf6 38. Qxf6+ 1-0

[Event "Tournoi francophone 021"]
[Site "Skype"]
[Date "????.??.??"]
[Round "2.20"]
[White "Vervoort, Jean-Louis"]
[Black "Gadow, Martin"]
[Result "1/2-1/2"]
[WhiteElo "1459"]
[BlackElo "1651"]
[PlyCount "96"]

1. d4 Nf6 2. c3 e6 3. Bf4 d5 4. e3 c5 5. Nf3 Nc6 6. Bd3 c4 7. Bc2 Bd6 8. Bg3
O-O 9. Nbd2 Re8 10. Qe2 e5 11. O-O-O e4 12. Ng5 h6 13. Nh3 Bg4 14. f3 exf3 15.
gxf3 Bxh3 16. b3 cxb3 17. axb3 Rc8 18. Qd3 Qa5 19. Kb2 Ne7 20. Bxd6 Rxc3 21.
Qxc3 Qxc3+ 22. Kxc3 Nc8 23. Bf4 g5 24. Bxg5 hxg5 25. Rhg1 Rxe3+ 26. Kb2 g4 27.
Rg3 Kf8 28. fxg4 Rxg3 29. hxg3 Bxg4 30. Rh1 Kg7 31. Nf1 Nd6 32. Ne3 Nb5 33. Rh4
Nxd4 34. Nxg4 Nf3 35. Nxf6 Nxh4 36. Nxd5 Ng6 37. b4 Ne5 38. b5 a6 39. bxa6 bxa6
40. Ka3 Kh6 41. Ka4 Kg5 42. Ne3 Ng4 43. Ng2 Nf2 44. Bb3 f5 45. Be6 Ne4 46. Ne3
Nxg3 47. Nxf5 Nxf5 48. Bxf5 Kxf5 1/2-1/2

[Event "Tournoi francophone 021"]
[Site "Skype"]
[Date "????.??.??"]
[Round "2.22"]
[White "Moumtaz, Abderrahim"]
[Black "Soubrier, Laure"]
[Result "1/2-1/2"]
[WhiteElo "1598"]
[BlackElo "1450"]
[PlyCount "129"]

1. d4 d5 2. c4 c6 3. cxd5 cxd5 4. Nf3 Nc6 5. Nc3 Nf6 6. Bf4 g6 7. e3 Bg7 8. Bd3
Bf5 9. O-O O-O 10. Bxf5 gxf5 11. Re1 Re8 12. Nb5 Rf8 13. Qd3 a6 14. Nc3 e6 15.
a3 Nd7 16. Bg5 f6 17. Bf4 Qe8 18. Bg3 Qg6 19. Nh4 Qh5 20. Qe2 Qxe2 21. Nxe2
Rfe8 22. b4 e5 23. Nxf5 Bf8 24. Rad1 Nb6 25. Bh4 Kf7 26. Neg3 Kg6 27. e4 Rad8
28. f3 Nc4 29. Rd3 exd4 30. Nxd4 Nxd4 31. Rxd4 Nxa3 32. Rc1 Bh6 33. Rcd1 Be3+
34. Kh1 Bxd4 35. Rxd4 Nc2 36. Rd2 Nxb4 37. Rb2 a5 38. Ne2 Rc8 39. Rb1 dxe4 40.
fxe4 Rxe4 41. Bxf6 Kxf6 42. Ng3 Rce8 43. Nxe4+ Rxe4 44. Kg1 a4 45. Kf1 Ke5 46.
Ra1 b5 47. Rb1 a3 48. Rc1 Nd3 49. Ra1 b4 50. g3 b3 51. Rxa3 Re1+ 52. Kg2 Ke4
53. Rxb3 Ke3 54. Rb7 Rd1 55. Re7+ Kd2 56. Rxh7 Ne1+ 57. Kh3 Ke2 58. Re7+ Kf2
59. Rf7+ Nf3 60. g4 Rh1 61. Rxf3+ Kxf3 62. g5 Rg1 63. Kh4 Rg2 64. h3 Rg3 65.
Kh5 1/2-1/2

[Event "Tournoi francophone 021"]
[Site "Skype"]
[Date "????.??.??"]
[Round "2.23"]
[White "Sauvaget, Joel"]
[Black "Schnell, Nicolas"]
[Result "0-1"]
[WhiteElo "1553"]
[BlackElo "1403"]
[PlyCount "42"]

1. d4 e6 2. Nf3 Nc6 3. c3 d5 4. Bf4 Bd6 5. Bxd6 Qxd6 6. e3 Qd8 7. Nbd2 b6 8.
Be2 Nf6 9. h3 Bb7 10. O-O a6 11. Re1 b5 12. a3 Ne7 13. Ne5 O-O 14. Ndf3 Nf5 15.
Bd3 Ng4 16. hxg4 Nh4 17. Nxh4 Qxh4 18. Bc2 f5 19. gxf5 Rf6 20. Rf1 Rh6 21. Nf3
Qh1# 0-1

[Event "Tournoi francophone 021"]
[Site "Skype"]
[Date "????.??.??"]
[Round "2.24"]
[White "Rodriguez, Nathalie"]
[Black "Leonelli, Michele"]
[Result "1-0"]
[WhiteElo "1537"]
[BlackElo "1400"]
[PlyCount "35"]

1. d4 d5 2. Bf4 Nf6 3. Nc3 Nc6 4. Nb5 Bh3 5. Nxh3 Nh5 6. Nxc7+ Qxc7 7. Bxc7 Rc8
8. Ba5 Nxa5 9. e3 Nf6 10. Bb5+ Kd8 11. Qd2 Rc5 12. dxc5 Nc4 13. Qb4 Nxe3 14.
fxe3 Ng4 15. Qa5+ b6 16. cxb6 Nxe3 17. bxa7+ Kc8 18. a8=Q# 1-0

[Event "Tournoi francophone 021"]
[Site "Skype"]
[Date "????.??.??"]
[Round "2.25"]
[White "Milanese, Serge"]
[Black "Tolaro, Filippa"]
[Result "0-1"]
[WhiteElo "1521"]
[BlackElo "1400"]
[PlyCount "66"]

1. d4 d5 2. Bf4 Nf6 3. e3 Bf5 4. Bd3 Bxd3 5. Qxd3 e6 6. Nf3 c5 7. c3 Qb6 8. Qc2
Nbd7 9. Ne5 Bd6 10. Nxd7 Nxd7 11. Bxd6 Qxd6 12. Nd2 c4 13. Nf3 O-O 14. h4 Nf6
15. h5 h6 16. Qe2 Qe7 17. Ne5 Ne4 18. Rh3 Rad8 19. O-O-O Qf6 20. f3 Ng5 21. Ng4
Qf5 22. Nxh6+ gxh6 23. Rg3 Kh8 24. Rg4 Rg8 25. Rf4 Qh7 26. Qf2 f5 27. Re1 Qf7
28. Rh4 Rg7 29. g4 fxg4 30. Rxg4 Qxh5 31. Rh1 Qxh1+ 32. Kd2 Nxf3+ 33. Ke2 Rxg4
0-1

[Event "Tournoi francophone 021"]
[Site "Skype"]
[Date "????.??.??"]
[Round "2.26"]
[White "Roberge, Yves"]
[Black "Valmalette, Alain"]
[Result "1-0"]
[WhiteElo "1401"]
[BlackElo "1513"]
[PlyCount "61"]

1. e4 e5 2. Nf3 Nf6 3. d4 Nc6 4. Bd3 Bd6 5. Nbd2 exd4 6. b3 O-O 7. Bb2 b6 8. c3
Bc5 9. cxd4 Nb4 10. Be2 Bd6 11. Ba3 c5 12. dxc5 Bxc5 13. Ne5 Re8 14. Nd3 Nxd3+
15. Bxd3 Bxa3 16. O-O d5 17. Re1 Ng4 18. f3 Bc5+ 19. Kf1 Nxh2+ 20. Ke2 Qh4 21.
Qb1 Qf2+ 22. Kd1 Be3 23. Qc2 d4 24. Rh1 Qxg2 25. Rf1 Nxf1 26. Bxf1 Qf2 27. Kc1
Bxd2+ 28. Qxd2 Qxf1+ 29. Kb2 Qxf3 30. Qxd4 Rxe4 31. Qd8+ 1-0

[Event "Tournoi francophone 021"]
[Site "Skype"]
[Date "????.??.??"]
[Round "2.27"]
[White "Guillaume, Mickael"]
[Black "Hampton, Irene"]
[Result "1-0"]
[WhiteElo "1511"]
[BlackElo "1358"]
[PlyCount "71"]

1. c4 c6 2. Nc3 Nf6 3. d4 d5 4. e3 Bf5 5. Bd3 Bxd3 6. Qxd3 e6 7. a3 a6 8. e4
Be7 9. Nge2 O-O 10. Bf4 c5 11. exd5 exd5 12. Bxb8 Rxb8 13. cxd5 Nxd5 14. O-O
Nf6 15. d5 Rc8 16. Rfe1 Qc7 17. Ne4 Ng4 18. d6 Qd7 19. f3 Ne5 20. Qd5 Nxf3+ 21.
gxf3 Rc7 22. Rac1 Rc6 23. Rxc5 Bh4 24. Rec1 Rfc8 25. Nd4 Kf8 26. Rxc6 bxc6 27.
Rxc6 Rxc6 28. Nxc6 f5 29. Nb8 Qe8 30. Qxf5+ Kg8 31. Nxa6 g6 32. Qd5+ Kg7 33. d7
Qf8 34. Ng3 h5 35. Nc5 Bf6 36. Ne6+ 1-0

[Event "Tournoi francophone 021"]
[Site "Skype"]
[Date "????.??.??"]
[Round "2.28"]
[White "Gerbaux, Regis"]
[Black "De Coninck, Philippe"]
[Result "0-1"]
[WhiteElo "1400"]
[BlackElo "1510"]
[PlyCount "38"]

1. e4 e5 2. Nf3 Nc6 3. Bc4 Nf6 4. Ng5 d5 5. exd5 Na5 6. Bb5+ c6 7. dxc6 bxc6 8.
Be2 Bc5 9. c3 O-O 10. O-O h6 11. Nf3 Qb6 12. h3 Ne4 13. Qe1 Re8 14. d4 exd4 15.
cxd4 Bb4 16. Nc3 Nf6 17. a3 Bxc3 18. bxc3 Ba6 19. Bxa6 Rxe1 0-1

[Event "Tournoi francophone 021"]
[Site "Skype"]
[Date "????.??.??"]
[Round "2.29"]
[White "Abate, Luigi"]
[Black "Cassano, Mariangela"]
[Result "1-0"]
[WhiteElo "1506"]
[BlackElo "1306"]
[PlyCount "41"]

1. e4 e5 2. Nf3 Nc6 3. Bc4 d6 4. Ng5 f6 5. Nf7 Be6 6. Nxd8 Rxd8 7. Bxe6 Nge7 8.
Qg4 g5 9. O-O Bg7 10. Nc3 Nd4 11. Bb3 h6 12. Nd5 c6 13. Nc7+ Kf8 14. c3 Nb5 15.
Ne6+ Kg8 16. Nxd8+ d5 17. exd5 cxd5 18. Qe6+ Kh7 19. Qxe7 Rf8 20. Ne6 Rc8 21.
Qxg7# 1-0